<?xml version="1.0" encoding="UTF-8"?><?xml-stylesheet type="text/xsl" href="static/style.xsl"?><OAI-PMH xmlns="http://www.openarchives.org/OAI/2.0/" xmlns:xsi="http://www.w3.org/2001/XMLSchema-instance" xsi:schemaLocation="http://www.openarchives.org/OAI/2.0/ http://www.openarchives.org/OAI/2.0/OAI-PMH.xsd"><responseDate>2026-04-13T00:09:20Z</responseDate><request verb="GetRecord" identifier="oai:www.recercat.cat:2099.1/23057" metadataPrefix="marc">https://recercat.cat/oai/request</request><GetRecord><record><header><identifier>oai:recercat.cat:2099.1/23057</identifier><datestamp>2025-07-22T23:13:47Z</datestamp><setSpec>com_2072_1033</setSpec><setSpec>col_2072_452951</setSpec></header><metadata><record xmlns="http://www.loc.gov/MARC21/slim" xmlns:dcterms="http://purl.org/dc/terms/" xmlns:xsi="http://www.w3.org/2001/XMLSchema-instance" xmlns:doc="http://www.lyncode.com/xoai" xsi:schemaLocation="http://www.loc.gov/MARC21/slim http://www.loc.gov/standards/marcxml/schema/MARC21slim.xsd">
   <leader>00925njm 22002777a 4500</leader>
   <datafield ind2=" " ind1=" " tag="042">
      <subfield code="a">dc</subfield>
   </datafield>
   <datafield ind2=" " ind1=" " tag="720">
      <subfield code="a">Costa Jimeno, Néstor</subfield>
      <subfield code="e">author</subfield>
   </datafield>
   <datafield ind2=" " ind1=" " tag="260">
      <subfield code="c">2014-09-08</subfield>
   </datafield>
   <datafield ind2=" " ind1=" " tag="520">
      <subfield code="a">Treball final de màster oficial fet en col·laboració amb Universitat Autònoma de Barcelona (UAB), Universitat de Barcelona (UB) i Institut de Ciències Fotòniques (ICFO)</subfield>
   </datafield>
   <datafield ind2=" " ind1=" " tag="520">
      <subfield code="a">[ANGLÈS] In this thesis, the design, fabrication and characterization of thermal optical probes based on Fiber Bragg Gratings are presented. The main focus was the optimization and manufacturing of a proper package for making the probes only sensitive to temperature, thus avoiding errors associated to the change of other environmental parameters. Depending on the application and corresponding environment, the probes have been adapted to the required range of temperatures and their spatial distribution. Very low repeatability errors (0.2 ºC) for devices working at low temperature have been demonstrated. High temperature sensors have also been developed to measure up to 1000ºC, with larger repeatability error (5ºC). The developed sensors have already been tested in the field for monitoring food processing and thermosolar energy production.</subfield>
   </datafield>
   <datafield ind2=" " ind1=" " tag="520">
      <subfield code="a">[CASTELLÀ] En esta tesis, se presentan el desarrollo, caracterización y fabricación de sondas ópticas térmicas basadas en Fiber Bragg Gratings. El objetivo principal ha sido la optimización y fabricación de un paquete adecuado para la fabricación de las sondas siendo solo sensible a la temperatura, evitando así los errores asociados a la sensibilidad de otros parámetros. Dependiendo de la aplicación y el entorno correspondiente, las sondas se han adaptado a la gama requerida de temperaturas y su distribución espacial. Errores de muy baja repetibilidad (0.2 ºC) para dispositivos que trabajan a baja temperatura han sido demostrados. Sensores de alta temperatura también se han desarrollado para medir hasta 1000 ° C, con 5 ° C de error de repetibilidad. Los sensores desarrollados han sido probados para el seguimiento de la elaboración de alimentos y la producción de energía termosolar.</subfield>
   </datafield>
   <datafield ind2=" " ind1=" " tag="520">
      <subfield code="a">[CATALÀ] En aquesta tesi, es presenten el desenvolupament, caracterització i fabricació de sondes òptiques tèrmiques basades en Fiber Bragg Gratings. L'objectiu principal ha estat l'optimització i fabricació d'un paquet adequat per a la fabricació de les sondes sent només sensible a la temperatura, evitant així els errors associats a la sensibilitat d'altres paràmetres. Depenent de l'aplicació i l'entorn corresponent, les sondes s'han adaptat a la gamma requerida de temperatures i la seva distribució espacial. Errors de molt baixa repetibilitat (0.2 º C) per a dispositius que treballen a baixa temperatura han estat demostrats. Sensors d'alta temperatura també s'han desenvolupat per mesurar fins a 1000 ° C, amb 5 ° C d'error de repetibilitat. Els sensors desenvolupats han estat provats per al seguiment de l'elaboració d'aliments i la producció d'energia termosolar.</subfield>
   </datafield>
   <datafield tag="653" ind2=" " ind1=" ">
      <subfield code="a">Àrees temàtiques de la UPC::Enginyeria de la telecomunicació::Telecomunicació òptica::Fibra òptica</subfield>
   </datafield>
   <datafield tag="653" ind2=" " ind1=" ">
      <subfield code="a">Optical fibers</subfield>
   </datafield>
   <datafield tag="653" ind2=" " ind1=" ">
      <subfield code="a">FBG</subfield>
   </datafield>
   <datafield tag="653" ind2=" " ind1=" ">
      <subfield code="a">thermal</subfield>
   </datafield>
   <datafield tag="653" ind2=" " ind1=" ">
      <subfield code="a">sensor</subfield>
   </datafield>
   <datafield tag="653" ind2=" " ind1=" ">
      <subfield code="a">strain</subfield>
   </datafield>
   <datafield tag="653" ind2=" " ind1=" ">
      <subfield code="a">packaging</subfield>
   </datafield>
   <datafield tag="653" ind2=" " ind1=" ">
      <subfield code="a">térmico</subfield>
   </datafield>
   <datafield tag="653" ind2=" " ind1=" ">
      <subfield code="a">tensión</subfield>
   </datafield>
   <datafield tag="653" ind2=" " ind1=" ">
      <subfield code="a">empaquetado</subfield>
   </datafield>
   <datafield tag="653" ind2=" " ind1=" ">
      <subfield code="a">Fibres òptiques</subfield>
   </datafield>
   <datafield ind2="0" ind1="0" tag="245">
      <subfield code="a">Development of a packaged optical fiber sensor for temperature measurements in multiple environments</subfield>
   </datafield>
   <datafield ind2="0" ind1="0" tag="245">
      <subfield code="a">Desarrollo de un sensor de fibra óptica empaquetado para mediciones de temperatura en múltiples entornos</subfield>
   </datafield>
   <datafield ind2="0" ind1="0" tag="245">
      <subfield code="a">Desenvolupament d'un sensor de fibra òptica empaquetat per a mesuraments de temperatura en múltiples entorns</subfield>
   </datafield>
</record></metadata></record></GetRecord></OAI-PMH>